Normal view
MARC view
Entry Topical Term
001 - CONTROL NUMBER
- control field: 12162
003 - CONTROL NUMBER IDENTIFIER
- control field: ARRUPE
005 - DATE AND TIME OF LATEST TRANSACTION
- control field: 20141016140340.0
008 - FIXED-LENGTH DATA ELEMENTS
- fixed length control field: 141016|| aca||aabn | a|a d
040 ## - CATALOGING SOURCE
- Original cataloging agency: ARRUPE
- Transcribing agency: ARRUPE
150 ## - HEADING--TOPICAL TERM
- Topical term or geographic name as entry element: Land tenure
- General subdivision: Biblical teaching
670 ## - SOURCE DATA FOUND
- Source citation: Work cat.: (ARRUPE): Bakare, Sebastine 12160, My right to land in the bible and in Zimbabwe /, 1993